00293nam a22000977a 4500008004100000041000800041080001000049100000600059101001100065245011900076190316b xxu||||| |||| 00| 0 eng d aeng a043.3 a0 aSHJ-MA aInstitucionet e Bashkimit Evropian dhe ndikimi i politikave mjedisore ne te drejten e mjedisit ne KosovecBalaj, F